Načítá se...
Philosophy's journy: a historical introduction /
| Hlavní autor: | |
|---|---|
| Médium: | Printed Book |
| Jazyk: | English |
| Vydáno: |
Addison Wesley,
1974.
|
| LEADER | 00483nam a2200133Ia 4500 | ||
|---|---|---|---|
| 008 | 150624b xxu||||| |||| 00| 0 eng d | ||
| 082 | |a 109 | ||
| 100 | |a Kolendra, Konstantin | ||
| 245 | |a Philosophy's journy: |b a historical introduction / |c Konstantin Kolendra | ||
| 260 | |b Addison Wesley, |c 1974. | ||
| 300 | |a 372 p. | ||
| 942 | |c BK | ||
| 999 | |c 15068 |d 15068 | ||
| 952 | |0 0 |1 0 |4 0 |6 109_000000000000000_KOL_P |7 0 |9 15067 |a UL |b UL |c ST1 |d 1998-08-28 |l 4 |m 1 |o 109 KOL/P |p 22545 |r 2019-09-06 |s 2019-09-02 |w 2012-10-27 |y BK | ||